[Event "RA-2021-0-00678"]
[Site "LSS email"]
[Date "2021.03.15"]
[Round "?"]
[White "Tsekouras, Theodoros"]
[Black "Farnik, Kym"]
[Result "1/2-1/2"]
[WhiteElo "2137"]
[BlackElo "2117"]
[PlyCount "71"]
[EventDate "2020.11.18"]
[EventType "tourn (corr)"]
[EventRounds "6"]
[EventCountry "GER"]
[SourceTitle "Corr 2024"]
[Source "ChessBase"]
[SourceDate "2023.10.19"]
[SourceVersion "1"]
[SourceVersionDate "2023.10.19"]
[SourceQuality "1"]

1. e4 c5 2. Nf3 Nc6 3. Bb5 e6 4. 0-0 Nge7 5. d4 cxd4 6. Nxd4 Qb6 7. Nxc6 bxc6 8. Bd3 Ng6 9. c4 Be7 10. Nc3 0-0 11. Rb1 Rd8 12. Be3 Qb8 13. Qc2 Ne5 14. Be2 d5 15. exd5 cxd5 16. cxd5 exd5 17. Rfd1 Be6 18. h3 Qb7 19. Bf1 h6 20. f4 Nc4 21. Bd4 Nd6 22. Bd3 Qd7 23. Qe2 Rac8 24. Rbc1 Bf8 25. Bf2 Re8 26. Qf3 Qb7 27. f5 Bd7 28. f6 Ne4 29. fxg7 Bxg7 30. Nxe4 dxe4 31. Bxe4 Qxe4 32. Qxe4 Rxe4 33. Rxc8+ Bxc8 34. Rd8+ Kh7 35. Rxc8 Ra4 36. Rc7 1/2-1/2

[Event "ZH-2020-0-01872"]
[Site "LSS email"]
[Date "2020.12.09"]
[Round "?"]
[White "Tsekouras, Theodoros"]
[Black "Tylecek, Drahomir"]
[Result "1/2-1/2"]
[WhiteElo "2181"]
[BlackElo "2049"]
[PlyCount "48"]
[EventDate "2020.11.19"]
[EventType "match (corr)"]
[EventRounds "2"]
[EventCountry "GER"]
[SourceTitle "Corr 2022"]
[Source "ChessBase"]
[SourceDate "2021.10.24"]
[SourceVersion "1"]
[SourceVersionDate "2021.10.24"]
[SourceQuality "1"]

1. e4 e5 2. Nf3 Nc6 3. Bb5 f5 4. d3 fxe4 5. dxe4 Nf6 6. 0-0 Bc5 7. Bxc6 bxc6 8. Nxe5 0-0 9. Nc3 Ba6 10. Nd3 Bb6 11. a4 Qe8 12. a5 Bd4 13. Re1 Qf7 14. Ra4 c5 15. Be3 Bxc3 16. bxc3 Bb5 17. Ra1 Nxe4 18. f3 Nf6 19. Bxc5 d6 20. Bd4 a6 21. Qd2 Nh5 22. Re4 Rae8 23. Rae1 Rxe4 24. Rxe4 h6 1/2-1/2

[Event "OP-2020-0-05063"]
[Site "LSS email"]
[Date "2020.12.05"]
[Round "?"]
[White "Linart, Ludvik"]
[Black "Tsekouras, Theodoros"]
[Result "0-1"]
[WhiteElo "1854"]
[BlackElo "2181"]
[PlyCount "58"]
[EventDate "2020.12.03"]
[EventType "tourn (corr)"]
[EventRounds "4"]
[EventCountry "GER"]
[SourceTitle "Corr 2024"]
[Source "ChessBase"]
[SourceDate "2023.10.19"]
[SourceVersion "1"]
[SourceVersionDate "2023.10.19"]
[SourceQuality "1"]

1. d4 Nf6 2. Nf3 e6 3. e3 b6 4. Bd3 Bb7 5. Nbd2 c5 6. c4 cxd4 7. exd4 d5 8. b3 Nc6 9. Bb2 Bd6 10. a3 0-0 11. 0-0 Rc8 12. Re1 Ne7 13. Rc1 Ng6 14. g3 Qe7 15. Ra1 Rc7 16. Qe2 Rd8 17. Bc3 Rcc8 18. Bb2 Ba8 19. Qf1 Nf8 20. Ne5 h6 21. Qe2 N8h7 22. h4 Nf8 23. f4 dxc4 24. bxc4 Qb7 25. Ndf3 Nh5 26. Kh2 f6 27. Rf1 fxe5 28. fxe5 Be7 29. Be4 Qxe4 0-1

[Event "OP-2020-0-05062"]
[Site "LSS email"]
[Date "2020.12.02"]
[Round "?"]
[White "Tsekouras, Theodoros"]
[Black "Cvak, Rudolf"]
[Result "1/2-1/2"]
[WhiteElo "2181"]
[BlackElo "2321"]
[PlyCount "52"]
[EventDate "2020.11.30"]
[EventType "tourn (corr)"]
[EventRounds "4"]
[EventCountry "GER"]
[SourceTitle "Corr 2024"]
[Source "ChessBase"]
[SourceDate "2023.10.19"]
[SourceVersion "1"]
[SourceVersionDate "2023.10.19"]
[SourceQuality "1"]

1. e4 e5 2. Nf3 Nc6 3. Bb5 a6 4. Ba4 Nf6 5. 0-0 Be7 6. Re1 b5 7. Bb3 0-0 8. c3 d5 9. exd5 Nxd5 10. Nxe5 Nxe5 11. Rxe5 c6 12. Re1 Bd6 13. d3 Bf5 14. Qf3 Qh4 15. g3 Qh3 16. Be3 Bxd3 17. Nd2 Bf5 18. Bxd5 cxd5 19. Qxd5 Rfd8 20. Qg2 b4 21. Qxh3 Bxh3 22. Ne4 bxc3 23. Nxc3 Bg4 24. Kg2 Rab8 25. h3 Bd7 26. Re2 f6 1/2-1/2

[Event "GRE CupT final 36th"]
[Site "Rio Achaia"]
[Date "2018.07.08"]
[Round "1.2"]
[White "Mastrovasilis, Athanasios"]
[Black "Tsekouras, Theodoros"]
[Result "1-0"]
[WhiteElo "2497"]
[BlackElo "2210"]
[PlyCount "65"]
[EventDate "2018.07.08"]
[EventType "team-k.o."]
[EventRounds "3"]
[EventCountry "GRE"]
[SourceTitle "CBM 185 Extra"]
[Source "ChessBase"]
[SourceDate "2018.07.29"]
[SourceVersion "1"]
[SourceVersionDate "2018.07.29"]
[SourceQuality "1"]
[WhiteTeam "Thessaloniki"]
[BlackTeam "No Kalamata Poseidon"]
[WhiteTeamCountry "GRE"]
[BlackTeamCountry "GRE"]

1. Nf3 Nf6 2. g3 g6 3. Bg2 Bg7 4. 0-0 0-0 5. d4 d6 6. Nc3 d5 7. Bf4 c6 8. Re1 Bf5 9. Nh4 Be6 10. Qd2 Nbd7 11. e4 dxe4 12. Nxe4 Nxe4 13. Bxe4 Nf6 14. Bg2 Bd5 15. Nf3 Re8 16. Be5 Qd7 17. Qe2 Rad8 18. a4 Qc8 19. a5 h6 20. a6 b6 21. c4 Be6 22. b4 Bg4 23. Ra3 Qd7 24. Rc1 Rc8 25. Rac3 b5 26. cxb5 cxb5 27. Rc7 Rxc7 28. Rxc7 Qf5 29. Rxa7 Nd5 30. Bxg7 Rc8 31. h3 Qb1+ 32. Kh2 Rc2 33. Qe5 1-0

[Event "GRE-chT 45th"]
[Site "Achaia"]
[Date "2017.07.06"]
[Round "5.6"]
[White "Tsekouras, Theodoros"]
[Black "Milonakis, Georgios"]
[Result "1-0"]
[WhiteElo "2215"]
[BlackElo "2193"]
[PlyCount "129"]
[EventDate "2017.07.03"]
[EventType "team-swiss"]
[EventRounds "7"]
[EventCountry "GRE"]
[SourceTitle "CBM 179 Extra"]
[Source "ChessBase"]
[SourceDate "2017.08.23"]
[SourceVersion "1"]
[SourceVersionDate "2017.08.23"]
[SourceQuality "1"]
[WhiteTeam "Kalamata Poseidon"]
[BlackTeam "Chania OA"]
[WhiteTeamCountry "GRE"]
[BlackTeamCountry "GRE"]

1. e4 e5 2. Nf3 Nc6 3. Bb5 a6 4. Ba4 Nf6 5. 0-0 Be7 6. Re1 b5 7. Bb3 d6 8. c3 0-0 9. h3 Na5 10. Bc2 c5 11. d4 Nd7 12. Nbd2 exd4 13. cxd4 Bf6 14. e5 dxe5 15. dxe5 Be7 16. Qe2 Nb6 17. Ne4 Be6 18. Neg5 g6 19. Ne4 Nc6 20. Qe3 Nd4 21. Nxd4 Qxd4 22. Qg3 Nd7 23. Ng5 Rad8 24. Re4 Qd5 25. Re2 Bf5 26. Bf4 Bxc2 27. Rxc2 h6 28. Nf3 Kh7 29. h4 Qe4 30. Rd2 Nb6 31. Re1 Qf5 32. Rde2 Nd5 33. Re4 Nc7 34. Nh2 h5 35. Nf3 Ne6 36. Ng5+ Nxg5 37. hxg5 Rd4 38. Qe3 Rxe4 39. Qxe4 Qxe4 40. Rxe4 Rd8 41. f3 Kg8 42. Kf2 c4 43. Ke2 Kf8 44. Be3 Rd5 45. f4 Ke8 46. e6 f6 47. gxf6 Bxf6 48. Bc1 Rd3 49. a4 Rb3 50. axb5 axb5 51. Kd1 Bxb2 52. Be3 Bf6 53. Bc5 Rb2 54. e7 c3 55. Re6 Rd2+ 56. Kc1 Bd4 57. Bb4 Rb2 58. Ba3 Rxg2 59. Re4 Bg7 60. Re6 Bh6 61. Rf6 Rg1+ 62. Kc2 Rg2+ 63. Kd3 Rg3+ 64. Ke4 Kd7 65. Rf8 1-0

[Event "GRE-chT 45th"]
[Site "Achaia"]
[Date "2017.07.05"]
[Round "4.9"]
[White "Anagnostopoulos, Konstantinos"]
[Black "Tsekouras, Theodoros"]
[Result "1-0"]
[WhiteElo "2218"]
[BlackElo "2215"]
[PlyCount "87"]
[EventDate "2017.07.03"]
[EventType "team-swiss"]
[EventRounds "7"]
[EventCountry "GRE"]
[SourceTitle "CBM 179 Extra"]
[Source "ChessBase"]
[SourceDate "2017.08.23"]
[SourceVersion "1"]
[SourceVersionDate "2017.08.23"]
[SourceQuality "1"]
[WhiteTeam "OFI"]
[BlackTeam "Kalamata Poseidon"]
[WhiteTeamCountry "GRE"]
[BlackTeamCountry "GRE"]

1. c4 e5 2. g3 Nc6 3. Nc3 Bc5 4. Bg2 d6 5. a3 a6 6. e3 Ba7 7. b4 h5 8. h3 Nge7 9. Nge2 h4 10. g4 f5 11. b5 axb5 12. cxb5 Na5 13. Nd5 Be6 14. Nec3 e4 15. gxf5 Bxd5 16. f6 gxf6 17. Nxd5 Nxd5 18. Bxe4 Ne7 19. Bb2 Qd7 20. Bxf6 0-0-0 21. Qa4 Bb6 22. Bc3 Rh5 23. Bxa5 Rxb5 24. Bb4 Kb8 25. Rg1 c6 26. Rg4 Qe6 27. Bd3 Rh5 28. Rb1 Kc7 29. Bc3 Rd7 30. Rxb6 Kxb6 31. Rb4+ Kc7 32. Qa8 Nc8 33. Rxb7+ Kd8 34. Ba5+ Ke7 35. Be2 Rg5 36. Bg4 Rxg4 37. hxg4 Qxg4 38. Qxc8 Qg1+ 39. Ke2 Qg4+ 40. Ke1 Qg1+ 41. Ke2 Qg4+ 42. Kf1 Qc4+ 43. Kg1 Qg4+ 44. Kh2 1-0

[Event "GRE-chT 44th"]
[Site "Achaia"]
[Date "2016.07.07"]
[Round "4.6"]
[White "Pavlidou, Ekaterini"]
[Black "Tsekouras, Theodoros"]
[Result "0-1"]
[WhiteElo "2222"]
[BlackElo "2221"]
[PlyCount "80"]
[EventDate "2016.07.05"]
[EventType "team-swiss"]
[EventRounds "7"]
[EventCountry "GRE"]
[SourceTitle "CBM 173 Extra"]
[Source "ChessBase"]
[SourceDate "2016.08.29"]
[SourceVersion "1"]
[SourceVersionDate "2016.08.29"]
[SourceQuality "1"]
[WhiteTeam "Chania Kydon"]
[BlackTeam "Kalamata Poseidon"]
[WhiteTeamCountry "GRE"]
[BlackTeamCountry "GRE"]

1. c4 e6 2. g3 f5 3. Bg2 Nf6 4. d3 Be7 5. e4 fxe4 6. dxe4 e5 7. Be3 0-0 8. h3 Bb4+ 9. Nd2 d6 10. Ne2 Be6 11. Rc1 Qd7 12. Nc3 Nc6 13. Nd5 Bc5 14. Nb3 Bxe3 15. Nxe3 a5 16. Rc3 a4 17. Nc1 Nd4 18. g4 c5 19. 0-0 b5 20. cxb5 Qxb5 21. Nf5 Qxb2 22. Rg3 Ne8 23. Kh2 Bc4 24. g5 g6 25. Ne7+ Kg7 26. Nd3 Qxa2 27. f4 Bxd3 28. Rxd3 Qe6 29. Nd5 exf4 30. e5 f3 31. Rfxf3 Nxf3+ 32. Bxf3 Qxe5+ 33. Kh1 Qxg5 34. Re3 Ra7 35. Qe2 Raf7 36. Qb2+ Kh6 37. Qf2 Rxf3 38. Rxf3 Qxd5 39. Qh4+ Kg7 40. Qe7+ Rf7 0-1

[Event "GRE-chT 44th"]
[Site "Achaia"]
[Date "2016.07.05"]
[Round "1.7"]
[White "Tsekouras, Theodoros"]
[Black "Kofidis, Andreas"]
[Result "0-1"]
[WhiteElo "2221"]
[BlackElo "2408"]
[PlyCount "120"]
[EventDate "2016.07.05"]
[EventType "team-swiss"]
[EventRounds "7"]
[EventCountry "GRE"]
[SourceTitle "CBM 173 Extra"]
[Source "ChessBase"]
[SourceDate "2016.08.29"]
[SourceVersion "1"]
[SourceVersionDate "2016.08.29"]
[SourceQuality "1"]
[WhiteTeam "Kalamata Poseidon"]
[BlackTeam "Panionios GS"]
[WhiteTeamCountry "GRE"]
[BlackTeamCountry "GRE"]

1. c4 Nf6 2. g3 g6 3. Bg2 Bg7 4. Nc3 c6 5. e4 d6 6. Nge2 h5 7. h4 0-0 8. 0-0 Be6 9. d3 Na6 10. Bg5 Nc7 11. Qd2 d5 12. exd5 cxd5 13. Nf4 dxc4 14. Nxe6 Nxe6 15. dxc4 Nxg5 16. Qxg5 Qc7 17. Qb5 Rab8 18. Rad1 a6 19. Qa4 e6 20. b3 Rfd8 21. Rxd8+ Rxd8 22. Qb4 Ng4 23. Ne2 b6 24. Qe1 Qe5 25. Nf4 Qb2 26. Nxg6 fxg6 27. Qxe6+ Kh7 28. Qxb6 Qd4 29. Qxd4 Bxd4 30. Bd5 Rf8 31. Kg2 a5 32. Bf3 Nh2 33. Kxh2 Rxf3 34. Kg2 Rd3 35. Rc1 Rd2 36. c5 Rxf2+ 37. Kh3 Rf7 38. c6 Bb6 39. Rc3 Kg7 40. g4 Kf6 41. a3 Ke5 42. gxh5 gxh5 43. b4 a4 44. Kg3 Kd5 45. Rc2 Bc7+ 46. Kg2 Bb6 47. Kg3 Kd6 48. b5 Rg7+ 49. Kh3 Rg4 50. Re2 Bc7 51. Rc2 Kd5 52. Rc3 Rc4 53. Rf3 Kc5 54. Rf5+ Kb6 55. Rxh5 Rc3+ 56. Kg4 Rxa3 57. Rh8 Rg3+ 58. Kf5 Rb3 59. h5 Rxb5+ 60. Ke6 a3 0-1

[Event "GRE-chT 43rd"]
[Site "Porto Rio"]
[Date "2015.10.12"]
[Round "7.8"]
[White "Theofilopoulos, Aristotelis"]
[Black "Tsekouras, Theodoros"]
[Result "1/2-1/2"]
[WhiteElo "2194"]
[BlackElo "2196"]
[PlyCount "51"]
[EventDate "2015.10.08"]
[EventType "team-swiss"]
[EventRounds "7"]
[EventCountry "GRE"]
[SourceTitle "CBM 168 Extra"]
[Source "ChessBase"]
[SourceDate "2015.10.29"]
[SourceVersion "1"]
[SourceVersionDate "2015.10.29"]
[SourceQuality "1"]
[WhiteTeam "Polichnis"]
[BlackTeam "Kalamata Poseidon"]
[WhiteTeamCountry "GRE"]
[BlackTeamCountry "GRE"]

1. d4 Nf6 2. Nf3 e6 3. g3 d5 4. Bg2 b5 5. a4 b4 6. c4 bxc3 7. bxc3 c5 8. c4 Bb7 9. cxd5 Bxd5 10. 0-0 cxd4 11. Nxd4 Bxg2 12. Kxg2 Bc5 13. Nb5 Qe7 14. Ba3 0-0 15. Bxc5 Qxc5 16. N1a3 Nbd7 17. Rc1 Qh5 18. e3 Qg6 19. Qd4 e5 20. Qd6 Qe4+ 21. Kg1 Qxa4 22. Rc4 Qa5 23. Rc6 Qa4 24. Rc4 Qa5 25. Rc6 Qa4 26. Rc4 1/2-1/2

[Event "GRE-chT 43rd"]
[Site "Porto Rio"]
[Date "2015.10.11"]
[Round "6.5"]
[White "Tsekouras, Theodoros"]
[Black "Mista, Aleksander"]
[Result "0-1"]
[WhiteElo "2196"]
[BlackElo "2580"]
[PlyCount "91"]
[EventDate "2015.10.08"]
[EventType "team-swiss"]
[EventRounds "7"]
[EventCountry "GRE"]
[SourceTitle "CBM 168 Extra"]
[Source "ChessBase"]
[SourceDate "2015.10.29"]
[SourceVersion "1"]
[SourceVersionDate "2015.10.29"]
[SourceQuality "1"]
[WhiteTeam "Kalamata Poseidon"]
[BlackTeam "Heraklion"]
[WhiteTeamCountry "GRE"]
[BlackTeamCountry "GRE"]

1. d4 Nf6 2. c4 g6 3. Nc3 d5 4. Nf3 Bg7 5. e3 0-0 6. cxd5 Nxd5 7. Bc4 Nxc3 8. bxc3 c5 9. 0-0 Qc7 10. Qe2 Bg4 11. Bd3 e5 12. Ba3 Re8 13. h3 Bxf3 14. Qxf3 exd4 15. cxd4 cxd4 16. Rac1 Nc6 17. Be4 Qa5 18. Bxc6 bxc6 19. exd4 Bxd4 20. Rxc6 Rad8 21. Rcc1 Re6 22. Rcd1 Rf6 23. Qb3 Rxf2 24. Rxf2 Bxf2+ 25. Kxf2 Rxd1 26. Qxd1 Qxa3 27. Qd8+ Kg7 28. Qd4+ f6 29. Qd7+ Kh6 30. Qd2+ g5 31. Kg1 Qg3 32. Qc2 a5 33. Qe2 Qe5 34. Qc2 Kg7 35. Qb3 h5 36. Kf1 g4 37. hxg4 hxg4 38. Qc4 f5 39. Qb3 g3 40. Qb7+ Kg6 41. Qc6+ Kg5 42. Qc2 Qf4+ 43. Kg1 Qd4+ 44. Kf1 a4 45. a3 f4 46. Qd2 0-1

[Event "GRE-chT 43rd"]
[Site "Porto Rio"]
[Date "2015.10.08"]
[Round "1.8"]
[White "Tsekouras, Theodoros"]
[Black "Zajic, Milan"]
[Result "1-0"]
[WhiteElo "2196"]
[BlackElo "2482"]
[PlyCount "49"]
[EventDate "2015.10.08"]
[EventType "team-swiss"]
[EventRounds "7"]
[EventCountry "GRE"]
[SourceTitle "CBM 168 Extra"]
[Source "ChessBase"]
[SourceDate "2015.10.29"]
[SourceVersion "1"]
[SourceVersionDate "2015.10.29"]
[SourceQuality "1"]
[WhiteTeam "Kalamata Poseidon"]
[BlackTeam "Panionios GSS"]
[WhiteTeamCountry "GRE"]
[BlackTeamCountry "GRE"]

1. d4 Nf6 2. c4 e6 3. Nc3 Bb4 4. e3 0-0 5. Nge2 c6 6. a3 Ba5 7. Qc2 d5 8. Ng3 Nbd7 9. Be2 Bc7 10. 0-0 dxc4 11. Bxc4 e5 12. Ba2 exd4 13. exd4 Nb6 14. Re1 Qxd4 15. Be3 Qh4 16. Bc5 Re8 17. Rxe8+ Nxe8 18. Re1 Nd6 19. Qd3 Be6 20. Bxe6 fxe6 21. Bxd6 Rd8 22. Rxe6 Qg4 23. Qe3 Bxd6 24. Rxd6 Rf8 25. Qe6+ 1-0

[Event "Anogia op 3rd"]
[Site "Anogia"]
[Date "2014.07.31"]
[Round "3"]
[White "Narayanan, Srinath"]
[Black "Tsekouras, Theodoros"]
[Result "1-0"]
[WhiteElo "2419"]
[BlackElo "2211"]
[PlyCount "107"]
[EventDate "2014.07.30"]
[EventType "swiss"]
[EventRounds "9"]
[EventCountry "GRE"]
[SourceTitle "CBM 161 Extra"]
[Source "ChessBase"]
[SourceDate "2014.08.29"]
[SourceVersion "1"]
[SourceVersionDate "2014.08.29"]
[SourceQuality "1"]

1. e4 e5 2. Nf3 Nc6 3. d4 exd4 4. Nxd4 Nf6 5. Nc3 Bb4 6. Nxc6 bxc6 7. Bd3 d5 8. exd5 cxd5 9. 0-0 0-0 10. h3 c6 11. Qf3 Bd6 12. Bg5 h6 13. Bf4 Rb8 14. b3 Re8 15. Rad1 Be6 16. Ne2 Bxf4 17. Nxf4 Qa5 18. Qg3 Rb7 19. Nxe6 Rxe6 20. Bf5 Re8 21. Qd6 c5 22. a4 Rbe7 23. Bd3 Re6 24. Qg3 Qb4 25. Bb5 Rc8 26. Bd3 Rce8 27. Bb5 Rc8 28. Qd3 a6 29. Bxa6 c4 30. Qf5 Ra8 31. Bb5 cxb3 32. cxb3 Qxb3 33. Qf4 Qa3 34. Rfe1 Qe7 35. Rxe6 Qxe6 36. Qd2 Qb6 37. Rc1 Rd8 38. Rc6 Qb8 39. Qd4 Rc8 40. Rxc8+ Qxc8 41. a5 Qc1+ 42. Bf1 Ne4 43. Qxd5 Nd2 44. Qd8+ Kh7 45. Qd3+ g6 46. a6 Nxf1 47. Qxf1 Qa3 48. g3 h5 49. Qc4 Qa1+ 50. Kg2 Kg7 51. h4 Qa5 52. Qc6 g5 53. Qb7 gxh4 54. a7 1-0

[Event "Anogia op 3rd"]
[Site "Anogia"]
[Date "2014.07.31"]
[Round "2"]
[White "Tsekouras, Theodoros"]
[Black "Drakaki, Anna Maria"]
[Result "1-0"]
[WhiteElo "2211"]
[BlackElo "1916"]
[PlyCount "95"]
[EventDate "2014.07.30"]
[EventType "swiss"]
[EventRounds "9"]
[EventCountry "GRE"]
[SourceTitle "CBM 161 Extra"]
[Source "ChessBase"]
[SourceDate "2014.08.29"]
[SourceVersion "1"]
[SourceVersionDate "2014.08.29"]
[SourceQuality "1"]

1. d4 Nf6 2. c4 e6 3. Nc3 Bb4 4. Qc2 d6 5. Nf3 Nbd7 6. a3 Bxc3+ 7. Qxc3 Qe7 8. g3 e5 9. dxe5 dxe5 10. Bg2 h6 11. 0-0 0-0 12. b4 c6 13. Bb2 Re8 14. e3 a5 15. Nd2 Nf8 16. bxa5 Bf5 17. e4 Bg6 18. Rfe1 Qc7 19. Nb3 Rad8 20. f3 c5 21. Bh3 N8h7 22. Rad1 Ng5 23. Bg2 Rd4 24. Nxd4 cxd4 25. Qb4 Ne6 26. Bf1 Bh5 27. Bg2 Ng5 28. Rf1 Qd7 29. Bc1 Ne6 30. Bh3 Qc7 31. Bd2 Nc5 32. Qb6 Qxb6 33. axb6 Rd8 34. Bb4 Na4 35. c5 Nd7 36. Bxd7 Rxd7 37. g4 Bg6 38. Rc1 f6 39. c6 bxc6 40. Rxc6 Rb7 41. Ba5 Be8 42. Rc8 Kf8 43. Bb4+ Kf7 44. Rc7+ Rxc7 45. bxc7 Bd7 46. Rc1 Bc8 47. Rc6 Ke8 48. Rd6 1-0

[Event "GRE-chT 40th"]
[Site "Achaia"]
[Date "2012.07.03"]
[Round "5.12"]
[White "Tsekouras, Theodoros"]
[Black "Lagopatis, Nikolaos"]
[Result "0-1"]
[WhiteElo "2231"]
[BlackElo "2239"]
[PlyCount "98"]
[EventDate "2012.06.30"]
[EventType "team-swiss"]
[EventRounds "7"]
[EventCountry "GRE"]
[SourceTitle "CBM 149 Extra"]
[Source "ChessBase"]
[SourceDate "2012.08.24"]
[SourceVersion "1"]
[SourceVersionDate "2012.08.24"]
[SourceQuality "1"]
[WhiteTeam "Kalamata Poseidon"]
[BlackTeam "Ptolemaida Ptolemaios"]
[WhiteTeamCountry "GRE"]
[BlackTeamCountry "GRE"]

1. e4 d6 2. d4 Nf6 3. Nc3 Nbd7 4. f4 e5 5. Nf3 exd4 6. Qxd4 c6 7. Be3 d5 8. e5 Ng4 9. Bg1 Nh6 10. 0-0-0 Nf5 11. Qd2 h5 12. Nxd5 cxd5 13. Qxd5 Be7 14. Bb5 Rh6 15. Bc4 Re6 16. Qd3 g6 17. Bxe6 fxe6 18. Nd4 Nc5 19. Qe2 Nxd4 20. Bxd4 Qd5 21. Bxc5 Qxc5 22. Qe4 Kf7 23. Rd3 Qc6 24. Qe2 b6 25. Rc3 Qd5 26. Rd1 Qxa2 27. Qe4 Rb8 28. Rg3 Qa1+ 29. Kd2 Qa5+ 30. Ke2 Ba6+ 31. c4 Rg8 32. Rd7 Qa2 33. Rc3 Qxb2+ 34. Rc2 Qa3 35. Qc6 Rc8 36. Rc7 Rxc7 37. Qxc7 Qb3 38. Kd2 Qb4+ 39. Kd3 Qb3+ 40. Kd2 Qb4+ 41. Kd3 Qa5 42. g3 Qd5+ 43. Kc3 Qf3+ 44. Kb2 Bb7 45. Rc3 Qg2+ 46. Kb3 b5 47. Rc2 Qf3+ 48. Rc3 Qd1+ 49. Kb2 Be4 0-1

[Event "GRE-chT 40th"]
[Site "Achaia"]
[Date "2012.07.02"]
[Round "4.13"]
[White "Gratseas, Stefanos"]
[Black "Tsekouras, Theodoros"]
[Result "1/2-1/2"]
[WhiteElo "2187"]
[BlackElo "2231"]
[PlyCount "59"]
[EventDate "2012.06.30"]
[EventType "team-swiss"]
[EventRounds "7"]
[EventCountry "GRE"]
[SourceTitle "CBM 149 Extra"]
[Source "ChessBase"]
[SourceDate "2012.08.24"]
[SourceVersion "1"]
[SourceVersionDate "2012.08.24"]
[SourceQuality "1"]
[WhiteTeam "OFI"]
[BlackTeam "Kalamata Poseidon"]
[WhiteTeamCountry "GRE"]
[BlackTeamCountry "GRE"]

1. d4 d5 2. Bg5 h6 3. Bh4 c6 4. e3 Qb6 5. Qc1 e5 6. Nf3 e4 7. Nfd2 Ne7 8. c4 Nf5 9. Bg3 Nxg3 10. hxg3 Be6 11. Nc3 Nd7 12. c5 Qc7 13. b4 Be7 14. Be2 0-0 15. Qc2 Bg5 16. a4 Nf6 17. Nf1 Nd7 18. f4 exf3 19. gxf3 f5 20. f4 Be7 21. g4 fxg4 22. Qg6 Rf6 23. Qh5 Nf8 24. Bxg4 Bxg4 25. Qxg4 Re8 26. f5 Qd7 27. Ng3 Rg6 28. Qf3 Rxg3 29. Qxg3 Bg5 30. e4 1/2-1/2